Lý thuyết nửa nhóm. t.II /

Enregistré dans:
Détails bibliographiques
Auteur principal: Cliphớt, A.
Autres auteurs: Cliphớt A., Hoàng Kỳ, Prestơn G.
Format: Sách giấy
Langue:Vietnamese
Publié: Hà Nội : Đại học và Trung học Chuyên nghiệp , 1979.
Tags: Ajouter un tag
Pas de tags, Soyez le premier à ajouter un tag!
Thư viện lưu trữ: Thư viện Trường Đại học Đà Lạt
LEADER 00706nam a2200277 4500
001 DLU020016008
005 ##10/20/2000
020 # # |a 978- 
041 # # |a vie 
082 # # |a 512.2  |b CL-A 
100 # # |a Cliphớt, A. 
245 # # |a Lý thuyết nửa nhóm.  |n t.II /  |c A . Cliphớt, Prestơn G., Trần Văn Hạo, Hoàng Kỳ. 
260 # # |a Hà Nội :  |b Đại học và Trung học Chuyên nghiệp ,  |c 1979. 
300 # # |a 590 tr.;   |c 19 cm. 
700 # # |a Cliphớt A. 
700 # # |a Hoàng Kỳ 
700 # # |a Prestơn G. 
992 # # |a 1991 
994 # # |a DLU 
900 # # |a False 
911 # # |a Admin 
925 # # |a G 
926 # # |a A 
927 # # |a SH 
980 # # |a Thư viện Trường Đại học Đà Lạt